By the Kings Maiesties commissioners : for considering the offence and offendors, to whom licence and dispensation shall be granted for some arrable lands conuerted from tillage to pasture.

Bibliographic Details
Corporate Author: England and Wales. Sovereign (1603-1625 : James I)
Format: eBook
Language:English
Published: [London? : W. Jones, 1618?]
Series:Early English books online.
Subjects:
Online Access:Connect to the full text of this electronic book

MARC

Tag First Indicator Second Indicator Subfields
LEADER 00000nam a2200000Ia 4500
001 in00004174321
005 20200807083728.0
006 m g d
007 cr bn |||a|bb|
008 981008s1618 enk o 00| | eng d
035 |a (UnM)99898992 
037 |a CL0036000062  |b ProQuest. 789 E. Eisenhower Parkway, Ann Arbor, MI 48108-3218 
040 |a Cu-RivES  |c Cu-RivES  |e dcrb  |d WaOLN 
110 1 |a England and Wales.  |b Sovereign (1603-1625 : James I) 
245 1 0 |a By the Kings Maiesties commissioners :  |b for considering the offence and offendors, to whom licence and dispensation shall be granted for some arrable lands conuerted from tillage to pasture. 
260 |a [London? :  |b W. Jones,  |c 1618?] 
300 |a 1 online resource (2 Sheets (versos blank) 
336 |a text  |b txt  |2 rdacontent 
337 |a computer  |b c  |2 rdamedia 
338 |a online resource  |b cr  |2 rdacarrier 
500 |a Imprint from STC. 
500 |a Arms 64·52; Steele notation: of cept 2) or offences. 
500 |a Reproduction of original in the Society of Antiquaries Library, London, England. 
510 4 |a STC (2nd edition)  |c 8587 
510 4 |a Steele  |c I, 1232 
533 |a Electronic reproduction.  |b Ann Arbor, Mich. :  |c UMI,  |d 1999-  |f (Early English books online)  |n Digital version of: (Early English books, 1475-1640 ; 1984:11)  |7 s1999 miun s 
650 0 |a Land use, Rural  |x Law and legislation  |z England  |v Early works to 1800. 
651 4 |a Great Britain  |x History  |y James I, 1603-1625  |v Early works to 1800. 
710 1 |a England and Wales.  |b Sovereign (1603-1625 : James I) 
830 0 |a Early English books online. 
856 4 0 |u http://proxy.library.tamu.edu/login?url=https://search.proquest.com/docview/2240906334  |z Connect to the full text of this electronic book  |t 0 
999 f f |s dfa950c6-8a4c-385b-92b1-71e04bd78529  |i a507e74d-e526-3318-8b27-357e4f3ab25b  |t 0 
952 f f |a Texas A&M University  |b College Station  |c Electronic Resources  |d Available Online  |t 0  |h No information provided 
998 f f |t 0  |l Available Online